Statistics for Biggest Trading Partners: Belarus

Click here to take the quiz!

General Stats

  • This quiz has been taken 29 times
  • The average score is 12 of 15

Answer Stats

TypeRankCountryValuePercent% Correct
Exports1Russia$12.6B38.0%
100%
Exports2Ukraine$4.11B12.4%
100%
Exports3United Kingdom$3.07B9.26%
100%
Exports4Germany$1.46B4.39%
100%
Exports10China$516M1.55%
100%
Exports6Poland$1.37B4.12%
97%
Imports7Turkey$541M1.51%
90%
Exports7Lithuania$1.11B3.34%
86%
Exports11Latvia$475M1.43%
86%
Exports12Estonia$450M1.36%
86%
Imports8Italy$530M1.48%
86%
Exports5Netherlands$1.43B4.32%
79%
Exports8Kazakhstan$784M2.36%
69%
Exports9Brazil$586M1.77%
31%
Exports13Uzbekistan$342M1.03%
31%

Score Distribution

Percentile by Number Answered

Percent of People with Each Score

Your Score History

You have not taken this quiz